000 00530nam a2200193Ia 4500
005 20250508151220.0
008 008 250505s9999 xx 000 0 eng d
037 _aTextual
040 _aFEDL
_beng
_cFEDL
041 _aeng
_2eng
084 _a371.3, CRA
_qFEDL
100 _aCrawley S L
_9758657
245 0 _aStudying efficiently
260 _aNew York, USA
_bPrentice Hall
_c1936
300 _aviii,95p.
650 _aTeachingTechnique
_9756949
942 _cTEXL
_h371.3, CRA
999 _c1328269
_d1328269